000
00302nam a22001217a 4500
999
_c
153958
_d
153958
082
_a
_b
100
_a
Ramaswami Iyer L V
245
_a
Grammer in lilatilakam/
_c
by Ramaswami Iyer L V.
260
_a
Thiruvananthapuram:
_b
University of Kerala,
_c
2014.
300
_a
114p.
650
_a
942
_c
BK